Statistics for Word Scramble - Jobs

Click here to take the quiz!

General Stats

  • This quiz has been taken 30 times
  • The average score is 12 of 20

Answer Stats

Job% Correct
butler
100%
chef
100%
cowboy
100%
critic
100%
judge
100%
maid
100%
nurse
100%
poet
100%
teacher
100%
driver
75%
firefighter
75%
pilot
75%
singer
75%
artist
67%
athlete
67%
doctor
67%
lawyer
67%
police
67%
scientist
60%
zookeeper
60%
astronaut
50%
astronaut
50%
author
50%
engineer
50%
janitor
50%
journalist
50%
plumber
50%
accountant
40%
waiter
40%
butcher
33%
cashier
33%
mailman
33%
secretary
33%
therapist
25%
actor
0%
architect
0%
bartender
0%
dancer
0%
director
0%
mechanic
0%
politician
0%
soldier
0%
veterinarian
0%

Score Distribution

Percentile by Number Answered

Percent of People with Each Score

Your Score History

You have not taken this quiz